Toutes les communes de l'Algérie sur une carte - Statistiques

Statistiques générales
  • Ce quiz a été pris 86 fois
  • Le résultat moyen est 16 sur 1541
Réponses sur la Carte
Les réponses sont colorées sur une échelle allant du rouge au vert en fonction du pourcentage des utilisateurs qui les ont devinées à leur premier essai. Vous pouvez retrouver ces pourcentages ci-dessous.
 
Statistiques - réponses
Wilaya Commune Population (hab.) % Correct
Alger Alger-Centre 75 541
96%
Oran Oran 609 940
92%
Constantine Constantine 448 374
69%
Tlemcen Tlemcen 140 158
41%
Annaba Annaba 257 359
38%
Béjaïa Béjaïa 177 988
38%
Sétif Sétif 288 461
35%
Mascara Tizi 12 923
33%
Tamanrasset Tamanrasset 92 635
32%
Blida Blida 163 586
23%
Mostaganem Mostaganem 145 696
22%
Chlef Chlef 178 616
21%
Sidi Bel Abbès Sidi Bel Abbès 212 935
21%
Jijel Jijel 134 839
19%
Skikda Skikda 163 618
19%
Mascara El Bordj 20 711
18%
Tipaza Tipaza 25 225
18%
Alger Bab El Oued 64 732
17%
Batna Batna 290 645
17%
Béchar Béchar 165 627
17%
Alger Hydra 31 133
17%
Ghardaïa Ghardaïa 93 423
15%
Tindouf Tindouf 45 966
15%
Biskra Biskra 205 608
14%
Djelfa Djelfa 289 226
14%
El Oued El Oued 134 699
14%
Mascara Mascara 108 587
14%
Tizi Ouzou Tizi Ouzou 135 088
14%
Bouira Bouira 88 801
13%
Boumerdès Boumerdès 41 685
13%
Adrar Adrar 64 781
12%
Alger El Harrach 48 869
12%
Tlemcen Maghnia 114 634
12%
M'Sila M'Sila 156 647
12%
Aïn Témouchent Aïn Témouchent 72 940
10%
Alger Chéraga 80 824
10%
Djanet Djanet 14 655
10%
Guelma Guelma 120 847
10%
Ouargla Ouargla 133 024
10%
Alger Ben Aknoun 18 838
9%
Alger Hussein Dey 40 698
9%
Alger Kouba 104 708
9%
Laghouat Laghouat 144 747
9%
Relizane Relizane 130 094
9%
Tébessa Tébessa 196 537
9%
Tiaret Tiaret 201 263
9%
Timimoun Timimoun 33 060
9%
Alger Zéralda 51 552
9%
Bordj Bou Arreridj Bordj Bou Arreridj 168 346
8%
Alger Bordj El Kiffan 151 950
8%
Blida Boufarik 71 446
8%
Mila Mila 69 052
8%
Alger Mohammadia 62 543
8%
Mascara Mohammadia 84 700
8%
Aïn Defla Aïn Benian 5 488
6%
Alger Aïn Benian 68 354
6%
Alger Bir Mourad Raïs 45 345
6%
El Bayadh El Bayadh 91 632
6%
Batna El Hassi 7 990
6%
Relizane El Hassi 2 912
6%
Jijel El Milia 78 087
6%
Alger El Mouradia 22 813
6%
Illizi Illizi 17 252
6%
Saïda Saïda 128 413
6%
Alger Staoueli 47 664
6%
Aïn Defla Aïn Defla 65 453
5%
Alger Aïn Taya 34 501
5%
Béjaïa Akbou 53 282
5%
Oran Arzew 70 951
5%
Alger Bab Ezzouar 96 597
5%
Alger Bologhine 43 835
5%
Alger Casbah 36 762
5%
Alger Dély Brahim 35 230
5%
Alger El Biar 47 332
5%
Khenchela El Hamma 12 051
5%
Djelfa El Khemis 5 405
5%
El Menia El Menia 40 195
5%
El Tarf El Tarf 25 594
5%
In Salah In Salah 32 518
5%
Médéa Médéa 138 355
5%
Aïn Defla Miliana 44 201
5%
Naâma Naâma 16 251
5%
Relizane Oued Rhiou 64 685
5%
Souk Ahras Sidi Fredj 7 497
5%
Mascara Sig 70 499
5%
Mostaganem Stidia 11 965
5%
Tizi Ouzou Tigzirt 11 962
5%
Touggourt Touggourt 39 409
5%
Naâma Aïn Séfra 52 320
4%
Bouira Ain Turk 7 849
4%
Tizi Ouzou Azazga 34 683
4%
Alger Belouizdad 44 050
4%
Oran Bir el-Djir 152 151
4%
Bordj Badji Mokhtar Bordj Badji Mokhtar 16 437
4%
M'Sila Bou Saâda 125 573
4%
Tipaza Cherchell 48 056
4%
Skikda Collo 35 682
4%
Alger Dar El Beïda 80 033
4%
Boumerdès Dellys 32 954
4%
Alger Draria 44 141
4%
Bordj Bou Arreridj El Euch 17 140
4%
Sétif El Eulma 155 038
4%
El Tarf El Kala 28 411
4%
El M'Ghair El M'Ghair 49 793
4%
Annaba Eulma 10 316
4%
Oran Gdyel 37 315
4%
Sétif Hamma 13 223
4%
Ouargla Hassi Messaoud 45 147
4%
In Guezzam In Guezzam 7 045
4%
Mostaganem Mazagran 22 016
4%
Oum El Bouaghi Oum El Bouaghi 80 359
4%
Alger Rouiba 61 984
4%
Souk Ahras Souk Ahras 155 259
4%
Béchar Taghit 6 317
4%
Tissemsilt Tissemsilt 75 197
4%
Mostaganem Aïn Tedles 38 823
3%
Tizi Ouzou Azeffoun 16 847
3%
Tlemcen Bab El Assa 10 147
3%
Alger Bachdjarah 93 289
3%
Alger Baraki 116 375
3%
Guelma Belkheir 17 649
3%
Béni Abbès Béni Abbès 10 885
3%
Sétif Beni Ouartilane 10 591
3%
Oran Bethioua 17 758
3%
Alger Birkhadem 77 749
3%
Alger Birtouta 30 575
3%
Alger Bordj El Bahri 52 816
3%
Boumerdès Boudouaou 71 238
3%
Mascara Bou Henni 11 715
3%
Chlef Boukadir 51 340
3%
Alger Bouzaréah 83 797
3%
Alger Douera 56 998
3%
Alger El Achour 41 070
3%
Alger El Madania 40 301
3%
Alger El Marsa 12 100
3%
Chlef El Marsa 10 807
3%
Skikda El Marsa 5 995
3%
Oran Es Senia 96 928
3%
Tlemcen Ghazaouet 33 774
3%
Alger Hammamet 23 990
3%
Oran Hassi Ben Okba 12 906
3%
Oran Hassi Bounif 59 671
3%
Guelma Heliopolis 26 328
3%
Tlemcen Hennaya 33 356
3%
Khenchela Khenchela 108 580
3%
Tipaza Kolea 54 401
3%
Tizi Ouzou Makouda 23 388
3%
Tlemcen Marsa Ben M'Hidi 6 212
3%
Relizane Mazouna 26 044
3%
Oran Mers El Kebir 16 970
3%
Tlemcen Nedroma 32 498
3%
Tizi Ouzou Ouadhia 15 771
3%
Tizi Ouzou Ouaguenoun 17 425
3%
Oran Oued Tlelat 18 397
3%
Ouled Djellal Ouled Djellal 63 237
3%
Alger Ouled Fayet 27 593
3%
Mostaganem Sidi Ali 37 230
3%
Oran Sidi Chahmi 104 498
3%
Alger Sidi Moussa 40 750
3%
Boumerdès Zemmouri 26 408
3%
Tamanrasset Abalessa 9 163
1%
Mostaganem Achaacha 34 789
1%
Boumerdès Afir 13 223
1%
Bouira Aïn Bessam 42 635
1%
Tizi Ouzou Aïn El Hammam 20 401
1%
Oran Aïn El Turk 37 010
1%
Oum El Bouaghi Aïn Fakroun 55 282
1%
Oum El Bouaghi Ain M'lila 88 441
1%
Sétif Aïn Roua 11 499
1%
Tébessa Aïn Zerga 20 170
1%
Tizi Ouzou Aït Chafâa 3 775
1%
Bouira Aït Laaziz 14 430
1%
Tizi Ouzou Aït Mahmoud 7 699
1%
Béjaïa Akfadou 7 358
1%
Béjaïa Amizour 37 562
1%
Skikda Azzaba 56 922
1%
Alger Baba Hassen 23 756
1%
Sidi Bel Abbès Badredine El Mokrani 6 200
1%
Boumerdès Baghlia 18 052
1%
Batna Barika 104 388
1%
Tébessa Bekkaria 9 917
1%
Sidi Bel Abbès Ben Badis 20 346
1%
Tizi Ouzou Beni Aïssi 7 628
1%
Tizi Ouzou Beni Douala 21 551
1%
Chlef Beni Haoua 20 853
1%
Alger Beni Messous 36 191
1%
Béchar Béni Ounif 10 732
1%
Aïn Témouchent Beni Saf 42 284
1%
Médéa Beni Slimane 33 779
1%
Tlemcen Beni Snous 11 318
1%
Tizi Ouzou Beni Yenni 5 737
1%
Tizi Ouzou Beni Zmenzer 12 117
1%
Tizi Ouzou Boghni 31 263
1%
Boumerdès Bordj Menaiel 64 820
1%
Guelma Boucheghouf 25 443
1%
Tizi Ouzou Boudjima 15 628
1%
Boumerdès Boudouaou El Bahri 14 209
1%
Sétif Bougaa 30 987
1%
Mostaganem Bouguirat 31 469
1%
Ghardaïa Bounoura 35 405
1%
Oran Boutlelis 22 898
1%
Aïn Témouchent Bouzedjar 4 387
1%
M'Sila Chellal 5 411
1%
Boumerdès Corso 20 705
1%
Guelma Dahouara 7 886
1%
Tlemcen El Aricha 6 673
1%
Ghardaïa El Atteuf 14 752
1%
Aïn Defla El Hassania 4 037
1%
Saïda El Hessasna 13 294
1%
Biskra El Kantara 11 415
1%
Oran El Kerma 23 163
1%
Constantine El Khroub 179 033
1%
Béjaïa El Kseur 29 842
1%
Mostaganem Fornaka 16 543
1%
Tipaza Gouraya 20 144
1%
Tébessa Hammamet 20 148
1%
Sétif Hammam Guergour 15 853
1%
Guelma Houari Boumediène 7 114
1%
Tamanrasset Idles 4 945
1%
Illizi In Amenas 7 385
1%
Mostaganem Kheireddine 27 606
1%
Aïn Defla Khemis Milana 84 574
1%
Béchar Lahmar 1 969
1%
Bouira Lakhdaria 59 746
1%
Batna Larbaa ?
1%
Blida Larbaa 83 819
1%
Tissemsilt Larbaâ 2 560
1%
Tizi Ouzou Larbaa N'Aït Irathen 29 376
1%
Alger Les Eucalyptus 116 107
1%
Alger Mâalma 20 758
1%
Bordj Bou Arreridj Mansoura 21 280
1%
El Menia Mansoura 2 840
1%
Sétif Maoklane 15 715
1%
Béjaïa M'Cisna 7 941
1%
Naâma Mécheria 66 465
1%
Batna Merouana 38 656
1%
Mostaganem Mesra 25 196
1%
Oran Misserghin 25 443
1%
Boumerdès Naciria 22 431
1%
Mascara Oggaz 11 140
1%
Tizi Ouzou Ouacif 10 313
1%
Relizane Ouarizane 20 069
1%
Guelma Oued Cheham 14 043
1%
Aïn Témouchent Ouled Boudjemaa 6 013
1%
Boumerdès Ouled Moussa 45 770
1%
Constantine Ouled Rahmoun 26 132
1%
Batna Rahbat 10 806
1%
Alger Rahmania 7 396
1%
Adrar Reggane 20 402
1%
Alger Reghaïa 85 452
1%
Tlemcen Remchi 46 999
1%
Tlemcen Sabra 28 555
1%
Alger Saoula 41 690
1%
Mostaganem Sayada 28 675
1%
Tlemcen Sebdou 39 800
1%
Mascara Sedjerara 8 549
1%
Annaba Seraïdi 7 626
1%
Béjaïa Sidi-Aïch 13 775
1%
Laghouat Sidi Bouzid 5 191
1%
Aïn Defla Sidi Lakhdar 20 970
1%
Mostaganem Sidi Lakhdar 34 612
1%
Jijel Sidi Maarouf 21 662
1%
Alger Sidi M'Hamed 67 873
1%
M'Sila Sidi M'hamed 8 300
1%
Mostaganem Sirat 21 677
1%
Alger Souidania 17 105
1%
Mostaganem Sour 22 673
1%
Mostaganem Tazgait 9 410
1%
Béjaïa Tazmalt 28 891
1%
Tamanrasset Tazrouk 4 091
1%
Chlef Ténès 35 459
1%
Sidi Bel Abbès Tilmouni 8 949
1%
Béjaïa Timezrit 25 853
1%
Boumerdès Timezrit 9 991
1%
Adrar Tit 4 417
1%
Tizi Ouzou Tizi Rached 17 161
1%
Béjaïa Toudja 9 827
1%
Tizi Ouzou Yakouren 12 203
1%
Béchar Abadla 13 636
0%
Batna Abdelkader Azil 14 304
0%
Mostaganem Abdelmalek Ramdane 13 607
0%
Tizi Ouzou Abi Youcef 7 693
0%
Chlef Abou El Hassen 22 756
0%
Béjaïa Adekar 13 067
0%
Laghouat Aflou 102 025
0%
Tipaza Aghbal 7 122
0%
Bouira Aghbalou 19 517
0%
Aïn Témouchent Aghlal 6 899
0%
Tizi Ouzou Aghrib 12 474
0%
Tizi Ouzou Agouni Gueghrane 9 692
0%
Bouira Ahl El Ksar 13 354
0%
Mila Ahmed Rachedi 15 819
0%
Tipaza Ahmer El Aïn 29 566
0%
Bouira Ahnif 9 685
0%
Sétif Aïn Abessa 16 770
0%
Constantine Aïn Abid 31 743
0%
Sidi Bel Abbès Aïn Adden 2 886
0%
Sétif Aïn Arnat 43 551
0%
Sétif Aïn Azal 48 487
0%
Oum El Bouaghi Aïn Babouche 16 129
0%
Oum El Bouaghi Aïn Beïda 118 662
0%
Mila Aïn Beida Harriche 21 013
0%
Guelma Ain Ben Beida 9 492
0%
Naâma Aïn Ben Khellil 10 554
0%
Annaba Aïn Berda 20 611
0%
Tiaret Aïn Bouchekif 15 022
0%
Médéa Aïn Boucif 26 042
0%
Mostaganem Aïn Boudinar 6 060
0%
Aïn Defla Aïn Bouyahia 16 213
0%
Skikda Ain Bouziane 9 591
0%
Skikda Aïn Charchar 15 725
0%
Djelfa Aïn Chouhada 4 549
0%
Tiaret Aïn Deheb 28 595
0%
Oum El Bouaghi Aïn Diss 2 767
0%
Batna Aïn Djasser 15 704
0%
Aïn Témouchent Ain El Arbaa 15 140
0%
El Tarf Aïn El Assel 16 285
0%
Ouargla Aïn El Beïda 19 039
0%
Djelfa Aïn El Bel 28 406
0%
Sidi Bel Abbès Aïn El Berd 16 013
0%
Oran Aïn El Bia 31 386
0%
Tiaret Aïn El Hadid 15 482
0%
Bouira Aïn El Hadjar 9 260
0%
Saïda Aïn El Hadjar 29 022
0%
M'Sila Aïn El Hadjel 33 046
0%
Sétif Aïn El Kebira 36 295
0%
Oran Aïn El Kerma 7 530
0%
M'Sila Aïn El Melh 37 045
0%
El Bayadh Aïn El Orak 1 424
0%
M'Sila Ain Errich 20 634
0%
M'Sila Aïn Fares 3 184
0%
Mascara Aïn Fares 11 494
0%
Djelfa Aïn Feka 23 404
0%
Mascara Ain Fekan 11 862
0%
Mascara Ain Ferah 5 816
0%
Tlemcen Aïn Fetah 7 352
0%
Tlemcen Aïn Fezza 11 053
0%
Mascara Aïn Fras 1 747
0%
Tlemcen Aïn Ghoraba 5 068
0%
Sidi Bel Abbès Aïn Kada 1 985
0%
Tlemcen Aïn Kebira 3 665
0%
Skikda Aïn Kechra 24 572
0%
Oum El Bouaghi Aïn Kercha 32 377
0%
El Tarf Aïn Kerma 14 377
0%
Tiaret Aïn Kermes 17 541
0%
M'Sila Aïn Khadra 29 046
0%
Aïn Témouchent Ain Kihal 3 477
0%
Aïn Defla Aïn Lachiakh 13 745
0%
Sétif Aïn Lahdjar 34 338
0%
Bouira Aïn Laloui 6 738
0%
Guelma Ain Larbi 7 604
0%
Sétif Aïn Legradj 14 668
0%
Djelfa Aïn Maabed 19 997
0%
Laghouat Aïn Madhi 8 101
0%
Guelma Ain Makhlouf 12 300
0%
Mila Aïn Mellouk 14 200
0%
Chlef Ain Merane 51 326
0%
Biskra Ain Naga 12 032
0%
Tlemcen Ain Nahala 6 704
0%
Mostaganem Aïn Nouïssy 14 530
0%
Médéa Aïn Ouksir 5 071
0%
Sétif Aïn Oulmane 73 831
0%
Djelfa Aïn Oussara 101 239
0%
Relizane Aïn Rahma 12 095
0%
Guelma Ain Regada 7 688
0%
Blida Aïn Romana 12 529
0%
Guelma Ain Sandel 4 760
0%
Sétif Aïn Sebt 14 798
0%
Laghouat Aïn Sidi Ali 10 486
0%
Mostaganem Ain Sidi Cherif 9 748
0%
Saïda Aïn Skhouna 7 129
0%
Constantine Aïn Smara 36 998
0%
Aïn Defla Ain Soltane 21 565
0%
Saïda Aïn Soltane 6 920
0%
Souk Ahras Aïn Soltane 3 091
0%
Bordj Bou Arreridj Aïn Taghrout 12 906
0%
Tipaza Aïn Tagourait 10 411
0%
Tlemcen Aïn Tallout 10 286
0%
Relizane Aïn Tarek 12 253
0%
Bordj Bou Arreridj Aïn Tassera 9 570
0%
Sidi Bel Abbès Aïn Thrid 2 373
0%
Sidi Bel Abbès Aïn Tindamine 2 476
0%
Mila Aïn Tinn 7 780
0%
Aïn Témouchent Ain Tolba 12 485
0%
Aïn Defla Aïn Torki 9 546
0%
Khenchela Aïn Touila 16 845
0%
Batna Aïn Touta 59 904
0%
Batna Aïn Yagout 10 856
0%
Tlemcen Aïn Youcef 13 234
0%
Biskra Aïn Zaatout 3 693
0%
Souk Ahras Aïn Zana 7 499
0%
Tizi Ouzou Ain Zaouia 17 320
0%
Tiaret Aïn Zarit 8 139
0%
Oum El Bouaghi Aïn Zitoun 5 948
0%
Skikda Aïn Zouit 1 977
0%
Tizi Ouzou Aït Aggouacha 4 306
0%
Tizi Ouzou Ait Aissa Mimoun 20 268
0%
Tizi Ouzou Aït Bouadou 14 435
0%
Tizi Ouzou Aït Boumahdi 6 113
0%
Tizi Ouzou Aït Khelili 11 627
0%
Sétif Aït Nawal M'zada 5 630
0%
Tizi Ouzou Aït Oumalou 8 790
0%
Béjaïa Aït R'Zine 14 563
0%
Béjaïa Ait Smaïl 11 783
0%
Sétif Aït Tizi 6 983
0%
Tizi Ouzou Aït Toudert 8 521
0%
Tizi Ouzou Ait Yahia 14 439
0%
Tizi Ouzou Ait Yahia Moussa 20 426
0%
Adrar Akabli 10 171
0%
Tizi Ouzou Akbil 8 898
0%
Tizi Ouzou Akerrou 4 660
0%
Mascara Alaïmia 7 512
0%
Béjaïa Amalou 8 602
0%
Sidi Bel Abbès Amarnas 11 293
0%
Tlemcen Amieur 13 150
0%
Mila Amira Arrès 19 405
0%
Boumerdès Ammal 8 505
0%
Tissemsilt Ammari 7 841
0%
Relizane Ammi Moussa 28 962
0%
Sétif Amoucha 22 767
0%
Djelfa Amourah 7 744
0%
Béjaïa Aokas 15 989
0%
Bouira Aomar 20 532
0%
Aïn Témouchent Aoubellil 4 722
0%
Mascara Aouf 7 887
0%
Timimoun Aougrout 11 784
0%
Adrar Aoulef 21 723
0%
El Bayadh Arbaouat 4 321
0%
Aïn Defla Arib 24 980
0%
Batna Arris 30 207
0%
El Tarf Asfour 11 447
0%
Naâma Assela 6 592
0%
Tizi Ouzou Assi Youcef 14 789
0%
Bouira Ath Mansour 10 077
0%
Tipaza Attatba 27 059
0%
Tlemcen Azails 7 527
0%
Médéa Aziz 10 765
0%
Médéa Baata 856
0%
Khenchela Babar 34 844
0%
Sétif Babor 15 762
0%
Khenchela Baghaï 6 676
0%
Béjaïa Barbacha 16 901
0%
Aïn Defla Bathia 6 238
0%
El Oued Bayadha 32 926
0%
Sétif Bazer Sakra 27 996
0%
Bouira Bechloul 11 775
0%
Tébessa Bedjene 4 505
0%
Oum El Bouaghi Behir Chergui 1 904
0%
Sétif Beïda Bordj 35 276
0%
Laghouat Beidha 8 761
0%
Skikda Bekkouche Lakhdar 15 176
0%
Sétif Belaa 14 666
0%
Aïn Defla Belaas 5 452
0%
M'Sila Belaiba 27 404
0%
Sidi Bel Abbès Belarbi 8 455
0%
Relizane Belassel Bouzegza 12 905
0%
Bordj Bou Arreridj Belimour 11 019
0%
Touggourt Benaceur 10 330
0%
Sidi Bel Abbès Benachiba Chelia 5 688
0%
Chlef Benairia 15 697
0%
Aïn Defla Ben Allel 9 068
0%
Skikda Ben Azouz 29 162
0%
Médéa Benchicao 9 728
0%
Boumerdès Ben Choud 9 985
0%
Bordj Bou Arreridj Bendaoud 11 632
0%
Relizane Bendaoud 17 953
0%
Guelma Bendjarah 6 553
0%
Oran Ben Freha 20 235
0%
Djelfa Benhar 17 207
0%
Boumerdès Beni Amrane 23 621
0%
Mascara Beniane 5 581
0%
Sétif Beni Aziz 19 383
0%
Tlemcen Beni Bahdel 2 801
0%
Skikda Beni Bechir 9 640
0%
Chlef Beni Bouattab 2 069
0%
Tlemcen Beni Boussaid 13 182
0%
Tissemsilt Beni Chaib 3 494
0%
Sétif Beni Chebana 13 174
0%
Relizane Beni Dergoun 12 364
0%
Béjaïa Beni Djellil 7 795
0%
Sétif Beni Fouda 17 667
0%
Batna Beni Foudhala El Hakania 1 511
0%
El Oued Beni Guecha 2 513
0%
Constantine Beni Hamidene 9 397
0%
Sétif Beni Hocine 11 220
0%
Béni Abbès Beni Ikhlef 2 459
0%
M'Sila Beni Ilmene 8 777
0%
Tlemcen Beni Khellad 6 933
0%
Béjaïa Beni Ksila 4 385
0%
Tissemsilt Beni Lahcene 4 777
0%
Béjaïa Beni Maouche 13 412
0%
Béjaïa Beni Melikeche 8 497
0%
Blida Beni Mered 34 860
0%
Tlemcen Beni Mester 18 651
0%
Guelma Beni Mezline 4 883
0%
Tipaza Beni Mileuk 8 045
0%
Sétif Beni Mouhli 8 521
0%
Tlemcen Beni Ouarsous 12 110
0%
Skikda Beni Oulbane 25 074
0%
Chlef Beni Rachid 23 449
0%
Tlemcen Beni Semiel 4 704
0%
Blida Beni Tamou 36 228
0%
Djelfa Beni Yagoub 9 940
0%
Relizane Beni Zentis 11 222
0%
Skikda Beni Zid 20 697
0%
Tizi Ouzou Beni Ziki 3 832
0%
Blida Ben Khellil 29 404
0%
El Tarf Ben M'Hidi 33 262
0%
Laghouat Bennasser Benchohra 9 621
0%
Tlemcen Bensekrane 13 845
0%
M'Sila Ben Srour 23 953
0%
Mila Benyahia Abderrahmane 10 052
0%
M'Sila Benzouh 5 636
0%
M'Sila Berhoum 23 620
0%
Annaba Berrahal 22 631
0%
Ghardaïa Berriane 30 200
0%
Oum El Bouaghi Berriche 17 609
0%
El Tarf Berrihane 9 605
0%
Médéa Berrouaghia 60 152
0%
El Tarf Besbes 46 341
0%
Ouled Djellal Besbes 8 392
0%
Skikda Bin El Ouiden 21 629
0%
Médéa Bir Ben Abed 12 107
0%
Aïn Defla Birbouche 4 897
0%
Souk Ahras Bir Bouhouche 6 380
0%
Oum El Bouaghi Bir Chouhada 9 182
0%
Tébessa Bir Dheb 7 181
0%
Sétif Bir El Arch 24 995
0%
Tébessa Bir El Ater 77 727
0%
Sidi Bel Abbès Bir El Hammam 2 668
0%
M'Sila Bir Fodda 4 258
0%
Bouira Bir Ghbalou 11 016
0%
Sétif Bir Haddada 20 860
0%
Djelfa Birine 30 913
0%
Bordj Bou Arreridj Bir Kasdali 14 768
0%
Tébessa Bir Mokkadem 12 907
0%
Aïn Defla Bir Ouled Khelifa 12 846
0%
Batna Bitam 11 855
0%
Touggourt Blidet Amor 14 540
0%
Médéa Boghar 5 972
0%
Biskra Bordj Ben Azzouz 12 702
0%
Tissemsilt Bordj Bou Naama 20 864
0%
Tissemsilt Bordj El Emir Abdelkader 10 194
0%
Djanet Bordj El Haouas 2 963
0%
Aïn Defla Bordj Emir Khaled 8 598
0%
Bordj Bou Arreridj Bordj Ghedir 26 042
0%
Illizi Bordj Omar Driss 5 736
0%
Bouira Bordj Oukhris 10 467
0%
Guelma Bordj Sabat 10 158
0%
Jijel Bordj Tahar 3 889
0%
Bordj Bou Arreridj Bordj Zemoura 10 296
0%
Médéa Bouaiche 8 873
0%
Médéa Bouaichoune 4 309
0%
El Bayadh Boualem 7 578
0%
Sétif Bouandas 16 966
0%
Blida Bouarfa 35 910
0%
Guelma Bouati Mahmoud 9 658
0%
Tissemsilt Boucaïd 8 843
0%
Biskra Bouchagroune 13 124
0%
Médéa Bouchrahil 11 633
0%
Skikda Bouchtata 9 219
0%
Adrar Bouda 9 938
0%
Bouira Bouderbala 17 589
0%
Sidi Bel Abbès Boudjebaa El Bordj 3 126
0%
Béjaïa Boudjellil 11 486
0%
Jijel Boudria Ben Yadjis 10 710
0%
Oran Boufatis 11 579
0%
Blida Bougara 51 203
0%
Tiaret Bougara 7 047
0%
Médéa Boughezoul 16 939
0%
El Tarf Bougous 11 234
0%
El Bayadh Bougtob 18 568
0%
Guelma Bouhachana 5 596
0%
El Tarf Bouhadjar 20 215
0%
Guelma Bouhamdane 4 394
0%
Béjaïa Bouhamza 9 123
0%
Mascara Bouhanifia 18 576
0%
Tipaza Bouharoun 9 922
0%
Mila Bouhatem 20 277
0%
Tlemcen Bouhlou 6 347
0%
Khenchela Bouhmama 10 614
0%
Blida Bouinan 31 070
0%
Djelfa Bouirat El Hedab 10 993
0%
Tipaza Bou Ismaïl 41 684
0%
Béchar Boukais 970
0%
Tébessa Boukhadra 10 701
0%
Sidi Bel Abbès Boukhanafis 10 520
0%
Béjaïa Boukhelifa 8 766
0%
Bouira Boukram 5 647
0%
Batna Boulehilet 7 177
0%
Tébessa Boulhaf Dir 4 741
0%
Batna Boumagueur 8 474
0%
Guelma Boumahra Ahmed 17 834
0%
Aïn Defla Boumedfaa 21 509
0%
Batna Boumia 854
0%
Tizi Ouzou Bounouh 9 731
0%
Aïn Defla Bourached 29 680
0%
Jijel Bouraoui Belhadef 10 336
0%
Tipaza Bourkika 22 118
0%
Alger Bourouba 71 661
0%
Médéa Bousekene 11 855
0%
Oran Bousfer 17 243
0%
Sétif Bousselam 16 095
0%
El Bayadh Boussemghoun 3 795
0%
Jijel Boussif Ouled Askeur 13 416
0%
Sétif Boutaleb 9 456
0%
El Tarf Bouteldja 17 738
0%
M'Sila Bouti Sayah 9 042
0%
Chlef Bouzeghaia 22 590
0%
Boumerdès Bouzegza Keddara 8 511
0%
Tizi Ouzou Bouzguen 24 311
0%
Batna Bouzina 13 383
0%
Biskra Branis 4 273
0%
Chlef Breira 13 200
0%
El Bayadh Brezina 12 468
0%
Laghouat Brida 6 395
0%
Boumerdès Chaabet El Ameur 33 459
0%
Aïn Témouchent Chaabet El Leham 14 219
0%
Médéa Chahbounia 13 617
0%
Jijel Chahna 8 781
0%
Tipaza Chaïba 20 427
0%
Djelfa Charef 24 028
0%
Timimoun Charouine 11 347
0%
El Tarf Chbaita Mokhtar 23 135
0%
Blida Chebli 29 660
0%
Khenchela Chechar 27 428
0%
El Tarf Chefia 8 195
0%
El Bayadh Cheguig 3 282
0%
Tiaret Chehaima 8 181
0%
Jijel Chekfa 26 553
0%
Médéa Chelalat El Adhoura 27 300
0%
Mila Chelghoum Laïd 82 560
0%
Khenchela Chélia 4 953
0%
El Bayadh Chellala 3 929
0%
Béjaïa Chellata 9 770
0%
Béjaïa Chemini 15 274
0%
Batna Chemora 17 074
0%
Médéa Cheniguel 6 866
0%
Aïn Témouchent Chentouf 2 839
0%
Skikda Cheraia 18 759
0%
Tébessa Cheria 75 344
0%
Annaba Chetaïbi 8 035
0%
Biskra Chetma 13 699
0%
Tlemcen Chetouane 47 600
0%
Chlef Chettia 71 408
0%
Sidi Bel Abbès Chettouane Belaila 5 210
0%
Annaba Cheurfa 9 875
0%
Blida Chiffa 34 268
0%
Mila Chigara 14 661
0%
El Tarf Chihani 10 094
0%
Batna Chir 5 478
0%
Bouira Chorfa 16 173
0%
Mascara Chorfa 2 608
0%
Blida Chréa 783
0%
Bordj Bou Arreridj Colla 6 123
0%
Tiaret Dahmouni 20 380
0%
Chlef Dahra 23 802
0%
Tipaza Damous 17 111
0%
Relizane Dar Ben Abdellah 3 499
0%
Djelfa Dar Chioukh 30 372
0%
Béjaïa Darguina 14 146
0%
Tlemcen Dar Yaghmouracene 6 331
0%
Ghardaïa Dayet Ben Dahoua 12 643
0%
Illizi Debdeb 4 341
0%
El Oued Debila 25 158
0%
Bouira Dechmia 7 504
0%
M'Sila Dehahna 6 697
0%
Sétif Dehamcha 9 141
0%
Djelfa Deldoul 11 230
0%
Timimoun Deldoul 8 647
0%
Médéa Derrag 7 273
0%
Mila Derrahi Bousselah 10 013
0%
Médéa Deux Bassins 3 487
0%
Oum El Bouaghi Dhalaa 11 439
0%
Sidi Bel Abbès Dhaya 5 163
0%
Constantine Didouche Mourad 44 951
0%
Bouira Dirah 13 209
0%
Bordj Bou Arreridj Djaafra 7 998
0%
El M'Ghair Djamaa 50 916
0%
Relizane Djdiouia 33 835
0%
Blida Djebabra 3 403
0%
Bouira Djebahia 15 592
0%
Tlemcen Djebala 8 369
0%
Guelma Djebala Khemissi 4 487
0%
M'Sila Djebel Messaad 13 948
0%
Tiaret Djebilet Rosfa 4 930
0%
Aïn Defla Djelida 36 076
0%
Khenchela Djellal 3 089
0%
Jijel Djemaa Beni Habibi 14 652
0%
Aïn Defla Djemaa Ouled Cheikh 7 534
0%
Sétif Djemila 24 145
0%
Biskra Djemorah 12 574
0%
Aïn Defla Djendel 30 170
0%
Skikda Djendel Saadi Mohamed 8 655
0%
Boumerdès Djenet 21 966
0%
Naâma Djeniene Bourezg 3 090
0%
Batna Djerma 3 436
0%
Batna Djezzar 22 124
0%
Tiaret Djillali Ben Amar 5 443
0%
Jijel Djimla 17 373
0%
Médéa Djouab 9 901
0%
Tipaza Douaouda 22 408
0%
El Oued Douar El Ma 5 543
0%
Ouled Djellal Doucen 26 455
0%
Djelfa Douis 9 344
0%
Saïda Doui Thabet 5 158
0%
Tizi Ouzou Draa Ben Khedda 31 382
0%
Béjaïa Draâ El-Kaïd 29 221
0%
Tizi Ouzou Draâ El Mizan 38 886
0%
Médéa Draa Esmar 9 661
0%
Sétif Draa Kebila 14 977
0%
Souk Ahras Drea 6 408
0%
El Tarf Drean 37 686
0%
El Tarf Echatt 34 378
0%
Ouled Djellal Ech Chaïba 9 280
0%
Aïn Defla El Abadia 40 697
0%
El Bayadh El Abiodh Sidi Cheikh 24 949
0%
Bordj Bou Arreridj El Achir 23 101
0%
Bouira El Adjiba 12 486
0%
Blida El Affroun 42 465
0%
El Tarf El Aioun 5 347
0%
Médéa El Aïssaouia 3 763
0%
Ouargla El Allia 7 509
0%
Oum El Bouaghi El Amiria 10 416
0%
Aïn Defla El Amra 31 073
0%
Aïn Témouchent El Amria 21 790
0%
Jijel El Ancer 20 070
0%
Oran El Ançor 10 882
0%
Bordj Bou Arreridj El Annasser 14 739
0%
Jijel El Aouana 13 273
0%
Médéa El Aouinet 4 186
0%
Tébessa El Aouinet 21 682
0%
Bouira El Asnam 13 213
0%
Laghouat El Assafia 5 618
0%
Aïn Defla El Attaf 57 737
0%
Mila El Ayadi Barbes 6 459
0%
Médéa El Azizia 8 432
0%
Oum El Bouaghi El Belala 2 477
0%
Naâma El Biod 10 975
0%
Ouargla El Borma 3 205
0%
Tlemcen El Bouihi 8 705
0%
Annaba El Bouni 125 265
0%
Oran El Braya 5 860
0%
Oum El Bouaghi El Djazia 3 878
0%
Aïn Témouchent El Emir Abdelkader 4 396
0%
Guelma El Fedjoudj 9 122
0%
Oum El Bouaghi El Fedjoudj Boughrara Saoudi 4 169
0%
Tlemcen El Fehoul 7 045
0%
Biskra El Feidh 12 602
0%
Mascara El Gaada 4 336
0%
Skikda El Ghedir 6 458
0%
Laghouat El Ghicha 6 079
0%
Mascara El Ghomri 10 043
0%
Biskra El Ghrous 16 408
0%
Tlemcen El Gor 8 539
0%
Djelfa El Guedid 12 833
0%
Médéa El Guelb Kebir 12 782
0%
Ghardaïa El Guerrara 59 514
0%
Mascara El Guettana 2 512
0%
Relizane El Guettar 15 422
0%
Sidi Bel Abbès El Haçaiba 2 895
0%
Bouira El Hachimia 17 322
0%
Skikda El Hadaik 18 002
0%
Chlef El Hadjadj 8 478
0%
Annaba El Hadjar 37 364
0%
Biskra El Hadjeb 10 126
0%
Ouargla El Hadjira 14 965
0%
Bouira El Hakimia 2 212
0%
Relizane El Hamadna 20 805
0%
Médéa El Hamdania 1 264
0%
M'Sila El Hamel 11 018
0%
Bordj Bou Arreridj El Hammadia 24 949
0%
Biskra El Haouch 4 923
0%
Oum El Bouaghi El Harmilia 8 036
0%
Skikda El Harrouch 48 994
0%
Mostaganem El Hassiane 9 680
0%
Laghouat El Houaita 2 789
0%
M'Sila El Houamed 7 800
0%
Tébessa El Houidjbet 4 771
0%
Djelfa El Idrissia 32 900
0%
Chlef El Karimia 28 821
0%
Jijel El Kennar Nouchfi 15 852
0%
Mascara El Keurt 4 285
0%
Bouira El Khabouzia 6 132
0%
El Bayadh El Kheiter 6 949
0%
Tébessa El Kouif 17 319
0%
Batna El Madher 18 502
0%
Alger El Magharia 31 453
0%
Khenchela El Mahmal 38 706
0%
Bordj Bou Arreridj El Main 6 237
0%
Aïn Defla El Maine 12 835
0%
Tébessa El Ma Labiodh 11 397
0%
Aïn Témouchent El Mallah 18 287
0%
Relizane El Matmar 17 442
0%
El Bayadh El Mehara 3 252
0%
Bordj Bou Arreridj El Mehir 17 492
0%
Mascara El Menaouer 9 690
0%
Tébessa El Meridj 11 713
0%
Aïn Témouchent El Messaid 4 362
0%
Tébessa El Mezeraa 4 251
0%
Bouira El Mokrani 3 961
0%
El Oued El Ogla 6 102
0%
Tébessa El Ogla 17 797
0%
Médéa El Omaria 20 705
0%
Béni Abbès El Ouatta 7 343
0%
Khenchela El Oueldja 3 124
0%
Sétif El Oueldja 8 592
0%
Relizane El Ouldja 1 938
0%
Sétif El Ouricia 18 087
0%
Biskra El Outaya 11 155
0%
Oum El Bouaghi El Rahia 2 711
0%
Skikda Emdjez Edchich 20 079
0%
Jijel Emir Abdelkader 38 468
0%
Khenchela Ensigha 9 257
0%
Béchar Erg Ferradj 4 406
0%
Jijel Erraguene 2 532
0%
Skikda Es Sebt 15 266
0%
Djelfa Faïdh El Botma 32 501
0%
Tiaret Faidja 6 794
0%
Tlemcen Fellaoucene 8 781
0%
Béjaïa Fenaia Ilmaten 11 825
0%
Adrar Fenoughil 11 793
0%
Béjaïa Feraoun 15 482
0%
Mila Ferdjioua 50 167
0%
Tébessa Ferkane 5 370
0%
Mascara Ferraguig 2 565
0%
Batna Fesdis 7 517
0%
Skikda Filfila 28 996
0%
Oum El Bouaghi F'Kirina 12 318
0%
In Salah Foggaret Ezzaouia 6 649
0%
Biskra Foughala 12 488
0%
Tipaza Fouka 48 959
0%
Batna Foum Toub 6 025
0%
Tizi Ouzou Freha 24 228
0%
Tiaret Frenda 54 162
0%
Tizi Ouzou Frikat 12 791
0%
Mascara Froha 13 769
0%
Mascara Gharrous 3 619
0%
Batna Ghassira 7 327
0%
El Bayadh Ghassoul 7 880
0%
Jijel Ghebala 5 236
0%
Bordj Bou Arreridj Ghilassa 11 044
0%
Mascara Ghriss 28 823
0%
Batna Gosbat 17 074
0%
Mila Grarem Gouga 42 062
0%
Alger Gué de Constantine 133 247
0%
Guelma Guelaat Bou Sbaa 5 635
0%
Sétif Guellal 21 385
0%
Laghouat Gueltat Sidi Saad 12 567
0%
Sétif Guelta Zerga 15 472
0%
El Oued Guemar 39 168
0%
Sétif Guenzet 3 541
0%
Mascara Guerdjoum 2 549
0%
Djelfa Guernini 4 594
0%
Blida Guerrouaou 17 297
0%
Bouira Guerrouma 14 570
0%
Tiaret Guertoufa 6 658
0%
Djelfa Guettara 9 926
0%
Sétif Guidjel 33 685
0%
Batna Guigba 10 225
0%
Tébessa Guorriguer 5 415
0%
Mascara Hachem 23 716
0%
Mascara Hacine 10 473
0%
Souk Ahras Haddada 7 351
0%
Relizane Had Echkalla 6 712
0%
Mostaganem Hadjadj 17 330
0%
Bouira Hadjera Zergua 3 672
0%
Laghouat Hadj Mechri 6 357
0%
Tipaza Hadjout 48 561
0%
Tipaza Hadjret Ennous 2 150
0%
Djelfa Had Sahary 30 451
0%
Bouira Haizer 17 719
0%
Tiaret Hamadia 16 463
0%
Skikda Hamadi Krouma 30 404
0%
Mila Hamala 11 213
0%
Constantine Hamma Bouziane 79 952
0%
El Tarf Hammam Beni Salah 5 235
0%
Tlemcen Hammam Boughrara 11 444
0%
Aïn Témouchent Hammam Bou Hadjar 33 939
0%
Guelma Hammam Debagh 16 391
0%
M'Sila Hammam Delaa 39 850
0%
Blida Hammam Melouane 6 076
0%
Guelma Hammam Nbail 16 199
0%
Aïn Defla Hammam Righa 8 488
0%
Sétif Hammam Sokhna 13 439
0%
Boumerdès Hammedi 40 546
0%
El Oued Hamraia 5 172
0%
Relizane Hamri 10 173
0%
Souk Ahras Hanancha 15 790
0%
Oum El Bouaghi Hanchir Toumghani 23 159
0%
Médéa Hannacha 4 882
0%
Bordj Bou Arreridj Haraza 5 569
0%
Sétif Harbil 3 675
0%
Chlef Harchoun 17 873
0%
Chlef Harenfa 17 799
0%
Bordj Bou Arreridj Hasnaoua 19 485
0%
El Oued Hassani Abdelkrim 22 755
0%
Aïn Témouchent Hassasna 4 039
0%
Djelfa Hassi Bahbah 86 421
0%
Ouargla Hassi Ben Abdellah 4 950
0%
Sidi Bel Abbès Hassi Dahou 6 043
0%
Laghouat Hassi Delaa 11 204
0%
Djelfa Hassi El Euch 11 692
0%
Aïn Témouchent Hassi El Ghella 11 700
0%
Djelfa Hassi Fedoul 13 171
0%
El Menia Hassi Fehal 3 651
0%
El Menia Hassi Gara 17 801
0%
El Oued Hassi Khelifa 31 784
0%
Mostaganem Hassi Mameche 28 790
0%
Oran Hassi Mefsoukh 11 856
0%
Laghouat Hassi R'Mel 22 133
0%
Sidi Bel Abbès Hassi Zahana 7 426
0%
Alger Herraoua 27 565
0%
Batna Hidoussa 2 378
0%
Aïn Defla Hoceinia 7 799
0%
Tlemcen Honaïne 5 408
0%
Saïda Hounet 4 765
0%
Constantine Ibn Badis 18 735
0%
Constantine Ibn Ziad 18 861
0%
Tizi Ouzou Iboudraren 5 398
0%
Batna Ichemoul 10 240
0%
Tizi Ouzou Idjer 10 301
0%
Tizi Ouzou Iferhounene 12 460
0%
Tizi Ouzou Ifigha 9 160
0%
Tizi Ouzou Iflissen 14 311
0%
Béjaïa Ighil Ali 9 526
0%
Béjaïa Ighram 12 387
0%
Béni Abbès Igli 6 682
0%
Tizi Ouzou Illilten 9 142
0%
Tizi Ouzou Iloula Oumalou 12 952
0%
Tizi Ouzou Imsouhal 6 565
0%
Tamanrasset In Amguel 4 208
0%
In Salah In Ghar 11 225
0%
Batna Inoughissen 3 484
0%
Adrar In Zghmir 16 185
0%
Tizi Ouzou Irdjen 13 149
0%
Boumerdès Isser 32 580
0%
Bouira Kadiria 22 327
0%
Khenchela Kais 34 383
0%
Relizane Kalaa 11 659
0%
Skikda Kanoua 6 995
0%
Jijel Kaous 26 137
0%
Naâma Kasdir 7 492
0%
El Bayadh Kef El Ahmar 7 566
0%
Médéa Kef Lakhdar 4 403
0%
Béchar Kenadsa 13 492
0%
Béjaïa Kendira 5 364
0%
Skikda Kerkera 27 177
0%
Béni Abbès Kerzaz 5 028
0%
Mostaganem Khadra 14 045
0%
Mascara Khalouia 6 159
0%
Médéa Khams Djouamaa 10 291
0%
Souk Ahras Kheddara 8 329
0%
Jijel Kheïri Oued Adjoul 4 582
0%
Bordj Bou Arreridj Khelil 26 037
0%
Boumerdès Khemis El Khechna 75 962
0%
Souk Ahras Khemissa 3 517
0%
Tipaza Khemisti 15 128
0%
Tissemsilt Khemisti 22 900
0%
Laghouat Kheneg 10 787
0%
Skikda Kheneg Mayoum 4 587
0%
Biskra Khenguet Sidi Nadji 3 040
0%
Béjaïa Kherrata 35 077
0%
Boumerdès Kherrouba 10 885
0%
M'Sila Khettouti Sed El Djir 7 058
0%
Guelma Khezara 10 382
0%
Khenchela Khirane 5 752
0%
M'Sila Khoubana 7 950
0%
Alger Khraïssia 27 910
0%
Batna Kimmel 4 355
0%
El Oued Kouinine 10 076
0%
El Bayadh Krakda 1 750
0%
Béni Abbès Ksabi 3 187
0%
Batna Ksar Belezma 9 033
0%
Tiaret Ksar Chellala 52 753
0%
Sétif Ksar El Abtal 23 833
0%
Médéa Ksar El Boukhari 67 813
0%
Laghouat Ksar El Hirane 23 841
0%
Timimoun Ksar Kaddour 4 742
0%
Oum El Bouaghi Ksar Sbahi 11 833
0%
Bordj Bou Arreridj Ksour 11 814
0%
Tissemsilt Laayoune 20 579
0%
Chlef Labiodh Medjadja 14 733
0%
El Tarf Lac des Oiseaux 10 624
0%
Relizane Lahlef 10 264
0%
Sidi Bel Abbès Lamtar 7 530
0%
Boumerdès Larbatache 19 356
0%
Tissemsilt Lardjem 25 217
0%
Tipaza Larhat 7 359
0%
Tissemsilt Lazharia 8 071
0%
Batna Lazrou 5 143
0%
El Bayadh Lebnoud 1 607
0%
Béjaïa Leflaye 6 433
0%
Boumerdès Leghata 13 692
0%
Batna Lemsen 5 108
0%
Biskra Lichana 9 852
0%
Biskra Lioua 21 416
0%
Tissemsilt Maacem 5 027
0%
M'Sila Maadid 24 168
0%
Batna Maafa 2 880
0%
Bouira Maala 5 296
0%
Saïda Maamora 7 082
0%
Sétif Maaouia 7 005
0%
M'Sila Maarif 13 269
0%
Tizi Ouzou Mâatkas 32 121
0%
Tiaret Madna 2 935
0%
Touggourt Magarine 13 751
0%
M'Sila Magra 39 250
0%
El Oued Magrane 24 577
0%
Tiaret Mahdia 33 082
0%
Mascara Makdha 5 235
0%
Sidi Bel Abbès Makedra 2 475
0%
Naâma Makman Ben Ammar 5 613
0%
Bouira Mamora 3 652
0%
Mascara Mamounia 13 364
0%
Mostaganem Mansourah 18 216
0%
Tlemcen Mansourah 49 150
0%
Mascara Maoussa 20 719
0%
Sidi Bel Abbès Marhoum 5 383
0%
Mascara Matemor 15 170
0%
Bouira M'Chedallah 24 406
0%
Mila M'Chira 12 905
0%
Biskra M'Chouneche 10 107
0%
Sidi Bel Abbès M'Cid 3 499
0%
M'Sila M'Cif 12 209
0%
Souk Ahras M'daourouch 41 343
0%
Batna M'Doukel 9 010
0%
Béchar Mechraa Houari Boumediene 3 091
0%
Tiaret Mechraa Safa 16 077
0%
Souk Ahras Mechroha 21 802
0%
Tizi Ouzou Mechtras 12 683
0%
Relizane Mediouna 30 744
0%
Bordj Bou Arreridj Medjana 22 402
0%
M'Sila Medjedel 21 058
0%
Guelma Medjez Amar 7 703
0%
Guelma Medjez Sfa 7 707
0%
Tiaret Medrissa 15 293
0%
Tiaret Medroussa 11 428
0%
Médéa Mefatha 5 908
0%
Blida Meftah 64 978
0%
Tiaret Meghila 3 062
0%
Médéa Meghraoua 5 647
0%
Biskra Mekhadma 5 425
0%
Aïn Defla Mekhatria 17 129
0%
Tizi Ouzou Mekla 24 237
0%
Tissemsilt Melaab 3 447
0%
Béjaïa Melbou 11 396
0%
Tiaret Mellakou 13 107
0%
Batna Menaa 13 510
0%
Tipaza Menaceur 25 480
0%
Relizane Mendes 15 127
0%
Tipaza Merad 19 916
0%
Souk Ahras Merahna 13 319
0%
Relizane Merdja Sidi Abed 7 502
0%
Béchar Meridja 592
0%
Sidi Bel Abbès Merine 7 705
0%
Oran Mersat El Hadjadj 12 729
0%
Oum El Bouaghi Meskiana 28 315
0%
Djelfa Messaad 102 453
0%
Constantine Messaoud Boudjriou 9 050
0%
Tipaza Messelmoun 7 564
0%
Timimoun Metarfa 8 438
0%
Ghardaïa Metlili 40 576
0%
Sidi Bel Abbès Mezaourou 6 870
0%
Bouira Mezdour 11 047
0%
Médéa Mezerana 6 202
0%
Sétif Mezloug 16 976
0%
Médéa Mihoub 12 191
0%
El Oued Mih Ouensa 15 593
0%
Mila Minar Zarza 22 535
0%
Tizi Ouzou Mizrana 9 469
0%
Tizi Ouzou Mkira 17 690
0%
Biskra M'Lili 6 497
0%
Djelfa M'Liliha 14 242
0%
Touggourt M'Naguer 14 179
0%
Mascara Mocta Douz 9 105
0%
Naâma Moghrar 3 551
0%
M'Sila Mohamed Boudiaf 16 381
0%
Tébessa Morsott 17 238
0%
Sidi Bel Abbès Mostefa Ben Brahim 9 268
0%
Médéa Moudjbar 5 428
0%
Djelfa Moudjebara 14 052
0%
Béchar Mougheul 635
0%
Saïda Moulay Larbi 11 066
0%
Sidi Bel Abbès Moulay Slissen 5 672
0%
Chlef Moussadek 6 380
0%
Blida Mouzaia 52 555
0%
El M'Ghair M'Rara 7 999
0%
Khenchela M'Sara 4 104
0%
Tlemcen MSirda Fouaga 5 693
0%
M'Sila M'Tarfa 8 074
0%
Khenchela M'Toussa 5 981
0%
Biskra M'Ziraa 7 601
0%
Tipaza Nador 9 588
0%
Tiaret Nadorah 7 559
0%
Tiaret Naima 7 569
0%
Guelma Nechmaya 9 964
0%
Tébessa Negrine 9 445
0%
El Oued Nekhla 12 652
0%
Mostaganem Nekmaria 10 446
0%
Mascara Nesmoth 5 527
0%
Touggourt Nezla 51 674
0%
Batna N'Gaous 29 504
0%
Ouargla N'Goussa 16 581
0%
Tébessa Ogla Melha 5 899
0%
Médéa Ouamri 15 978
0%
M'Sila Ouanougha 14 397
0%
Jijel Oudjana 9 580
0%
El Oued Oued Allenda 6 830
0%
Mila Oued Athmania 40 688
0%
Aïn Témouchent Oued Berkeche 4 192
0%
Batna Oued Chaaba 7 236
0%
Aïn Defla Oued Chorfa 13 353
0%
Aïn Defla Oued Djemaa 9 555
0%
Blida Oued Djer 6 543
0%
Mascara Oued El Abtal 21 278
0%
Blida Oued El Alleug 40 710
0%
Annaba Oued El Aneb 21 088
0%
Bouira Oued El Bardi 10 767
0%
Sétif Oued El Bared 2 333
0%
Relizane Oued El Djemaa 23 480
0%
Mostaganem Oued El Kheir 17 359
0%
Batna Oued El Ma 20 288
0%
Mila Oued Endja 19 739
0%
Relizane Oued Essalem 9 319
0%
Chlef Oued Fodda 41 710
0%
Guelma Oued Fragha 7 152
0%
Béjaïa Oued Ghir 19 345
0%
Chlef Oued Ghoussine 6 453
0%
Médéa Oued Harbil 5 049
0%
Souk Ahras Oued Kebrit 4 992
0%
Alger Oued Koreiche 46 182
0%
Tlemcen Oued Lakhdar 5 262
0%
Tiaret Oued Lilli 12 574
0%
Laghouat Oued Morra 5 700
0%
Laghouat Oued M'zi 3 129
0%
Oum El Bouaghi Oued Nini 5 119
0%
Sidi Bel Abbès Oued Sebaa 4 301
0%
Aïn Témouchent Oued Sebbah 10 527
0%
Sidi Bel Abbès Oued Sefioun 5 886
0%
Mila Oued Seguen 13 319
0%
Chlef Oued Sly 47 248
0%
Alger Oued Smar 32 062
0%
Batna Oued Taga 18 116
0%
Sidi Bel Abbès Oued Taourira 1 249
0%
Mascara Oued Taria 15 901
0%
Skikda Oued Zehour 6 744
0%
Guelma Oued Zenati 32 870
0%
El Tarf Oued Zitoun 5 881
0%
Tébessa Ouenza 52 737
0%
Souk Ahras Ouillen 6 544
0%
Tlemcen Oulad Riah 4 329
0%
Skikda Ouldja Boulballout 4 488
0%
Chlef Ouled Abbes 8 578
0%
M'Sila Ouled Addi Guebala 25 456
0%
Sétif Ouled Addouane 9 613
0%
Adrar Ouled Ahmed Tammi 13 547
0%
Boumerdès Ouled Aissa 7 685
0%
Timimoun Ouled Aissa 7 034
0%
Batna Ouled Ammar 8 756
0%
Médéa Ouled Antar 2 216
0%
Batna Ouled Aouf 1 724
0%
M'Sila Ouled Atia 8 498
0%
Skikda Ouled Attia 10 851
0%
Chlef Ouled Ben Abdelkader 19 952
0%
Tissemsilt Ouled Bessam 10 839
0%
Médéa Ouled Bouachra 890
0%
Mostaganem Ouled Boughalem 13 761
0%
Bordj Bou Arreridj Ouled Brahem 7 874
0%
Médéa Ouled Brahim 10 847
0%
Saïda Ouled Brahim 19 711
0%
Alger Ouled Chebel 20 006
0%
Bordj Bou Arreridj Ouled Dahmane 16 501
0%
Médéa Ouled Deide 5 355
0%
M'Sila Ouled Derradj 26 644
0%
Souk Ahras Ouled Driss 11 303
0%
Batna Ouled Fadel 10 860
0%
Chlef Ouled Fares 34 891
0%
Oum El Bouaghi Ouled Gacem 7 107
0%
Boumerdès Ouled Haddadj 30 573
0%
Oum El Bouaghi Ouled Hamla 13 112
0%
Skikda Ouled Hbaba 8 369
0%
Médéa Ouled Hellal 3 367
0%
Saïda Ouled Khaled 30 484
0%
Mila Ouled Khellouf 11 396
0%
Béni Abbès Ouled Khoudir 4 251
0%
Aïn Témouchent Ouled Kihal 9 256
0%
Mostaganem Ouled Maaleh 9 576
0%
Médéa Ouled Maaref 9 287
0%
M'Sila Ouled Madhi 7 069
0%
M'Sila Ouled Mansour 5 731
0%
Tlemcen Ouled Mimoun 26 389
0%
Souk Ahras Ouled Moumen 4 682
0%
Jijel Ouled Rabah 10 681
0%
Bouira Ouled Rached 9 311
0%
Khenchela Ouled Rechache 24 923
0%
Sétif Ouled Sabor 12 510
0%
Timimoun Ouled Saïd 8 219
0%
Batna Ouled Sellam 19 635
0%
Sétif Ouled Si Ahmed 10 238
0%
Bordj Bou Arreridj Ouled Sidi Brahim 2 705
0%
M'Sila Ouled Sidi Brahim 10 716
0%
Relizane Ouled Sidi Mihoub 7 588
0%
Batna Ouled Si Slimane 12 473
0%
Blida Ouled Slama 29 291
0%
M'Sila Ouled Slimane 4 116
0%
Sétif Ouled Tebben 10 385
0%
Jijel Ouled Yahia Khedrouche 18 323
0%
Blida Ouled Yaïch 87 131
0%
Relizane Ouled Yaich 8 916
0%
Oum El Bouaghi Ouled Zouai 4 998
0%
Aïn Témouchent Oulhaça El Gheraba 15 419
0%
M'Sila Oultem 2 289
0%
Biskra Oumache 10 336
0%
Tébessa Oum Ali 3 744
0%
Chlef Oum Drou 21 326
0%
Souk Ahras Oum El Adhaim 8 539
0%
Tindouf Oum el Assel 3 183
0%
Médéa Oum El Djalil 3 625
0%
Djelfa Oum Laadham 23 051
0%
Skikda Oum Toub 34 458
0%
El M'Ghair Oum Tyour 11 069
0%
Biskra Ourlal 7 444
0%
El Oued Ourmes 5 900
0%
Batna Ouyoun El Assafir 11 513
0%
Béjaïa Ouzellaguen 22 719
0%
Médéa Ouzera 12 650
0%
Bordj Bou Arreridj Rabta 11 012
0%
Souk Ahras Ragouba 5 160
0%
Tiaret Rahouia 24 983
0%
Alger Raïs Hamidou 28 451
0%
Skikda Ramdane Djamel 27 194
0%
Relizane Ramka 5 138
0%
El Tarf Raml Souk 4 356
0%
Bouira Raouraoua 8 450
0%
Guelma Ras El Agba 2 699
0%
Mascara Ras El Aïn Amirouche 7 785
0%
Batna Ras El Aïoun 22 551
0%
Sidi Bel Abbès Ras El Ma 18 644
0%
Ouled Djellal Ras El Miaad 21 278
0%
Bordj Bou Arreridj Ras El Oued 51 482
0%
Médéa Rebaia 5 346
0%
Tiaret Rechaiga 19 830
0%
Sidi Bel Abbès Redjem Demouche 2 676
0%
El Oued Reguiba 40 367
0%
Khenchela Remila 5 606
0%
Bouira Ridane 3 268
0%
El Oued Robbah 21 965
0%
El Bayadh Rogassa 7 492
0%
Guelma Roknia 9 752
0%
Sétif Rosfa 16 075
0%
Mila Rouached 27 086
0%
Aïn Defla Rouina 21 572
0%
Ouargla Rouissat 58 112
0%
Souk Ahras Safel El Ouiden 2 731
0%
Mostaganem Safsaf 13 980
0%
Tébessa Safsaf El Ouesra 6 074
0%
Bouira Saharidj 8 522
0%
Sétif Salah Bey 27 175
0%
Skikda Salah Bouchaour 29 764
0%
Adrar Sali 13 138
0%
Médéa Saneg 3 487
0%
Adrar Sebaa 2 312
0%
Tlemcen Sebaa Chioukh 4 634
0%
Tiaret Sebaïne 10 763
0%
Laghouat Sebgag 5 981
0%
Ghardaïa Sebseb 2 437
0%
Tiaret Sebt 1 569
0%
Béjaïa Seddouk 20 573
0%
Djelfa Sed Rahal 13 693
0%
Médéa Sedraia 7 690
0%
Souk Ahras Sedrata 53 218
0%
Batna Sefiane 14 327
0%
Batna Seggana 5 769
0%
Médéa Seghouane 5 999
0%
Mascara Sehailia 10 218
0%
Sidi Bel Abbès Sehala Thaoura 2 338
0%
Guelma Selloua Anouna 3 244
0%
Jijel Selma Ben Ziada 920
0%
Djelfa Selmana 19 471
0%
Béjaïa Semaoun 13 616
0%
Chlef Sendjas 29 043
0%
Sétif Serdj El Ghoul 9 311
0%
Tiaret Serghine 5 316
0%
Batna Seriana 15 445
0%
Jijel Settara 15 155
0%
Sidi Bel Abbès Sfisef 29 696
0%
Naâma Sfissifa 4 576
0%
Tiaret Si Abdelghani 9 273
0%
Jijel Sidi Abdelaziz 10 153
0%
Mascara Sidi Abdeldjebar 4 190
0%
Tlemcen Sidi Abdelli 18 222
0%
Mascara Sidi Abdelmoumen 14 600
0%
Chlef Sidi Abderrahmane 4 349
0%
Tiaret Sidi Abderrahmane 8 350
0%
Tissemsilt Sidi Abed 5 213
0%
Saïda Sidi Ahmed 14 592
0%
M'Sila Sidi Aïssa 72 062
0%
Chlef Sidi Akkacha 26 595
0%
Sidi Bel Abbès Sidi Ali Benyoub 11 654
0%
Sidi Bel Abbès Sidi Ali Boussidi 9 715
0%
Tiaret Sidi Ali Mellal 7 193
0%
Annaba Sidi Amar 83 254
0%
Saïda Sidi Amar 8 991
0%
Tipaza Sidi Amar 13 332
0%
El Bayadh Sidi Ameur 3 634
0%
M'Sila Sidi Ameur 21 623
0%
El M'Ghair Sidi Amrane 21 772
0%
El Oued Sidi Aoun 12 235
0%
Béjaïa Sidi Ayad 5 416
0%
Djelfa Sidi Baizid 7 933
0%
Tiaret Sidi Bakhti 7 247
0%
Mostaganem Sidi Belattar 6 794
0%
Aïn Témouchent Sidi Ben Adda 13 598
0%
Oran Sidi Ben Yebka 7 516
0%
Saïda Sidi Boubekeur 19 282
0%
Aïn Témouchent Sidi Boumediene 3 264
0%
Mascara Sidi Boussaid 4 483
0%
Tissemsilt Sidi Boutouchent 4 224
0%
Sidi Bel Abbès Sidi Brahim 10 371
0%
Sidi Bel Abbès Sidi Chaib 4 411
0%
Sidi Bel Abbès Sidi Daho De Zairs 5 033
0%
Médéa Sidi Damed 5 009
0%
Boumerdès Sidi Daoud 16 900
0%
Tlemcen Sidi Djillali 6 697
0%
Bordj Bou Arreridj Sidi Embarek 11 641
0%
Médéa Sidi Errabia 5 042
0%
Tipaza Sidi Ghiles 15 281
0%
M'Sila Sidi Hadjeres 6 686
0%
Sidi Bel Abbès Sidi Hamadouche 9 968
0%
Tiaret Sidi Hosni 8 325
0%
Mascara Sidi Kada 20 614
0%
Ouled Djellal Sidi Khaled 43 315
0%
Sidi Bel Abbès Sidi Khaled 7 167
0%
Mila Sidi Khelifa 4 746
0%
El M'Ghair Sidi Khelil 6 547
0%
Relizane Sidi Khettab 14 074
0%
Ouargla Sidi Khouiled 8 803
0%
Djelfa Sidi Ladjel 13 661
0%
Sidi Bel Abbès Sidi Lahcene 20 999
0%
Tissemsilt Sidi Lantri 6 053
0%
Relizane Sidi Lazreg 5 682
0%
Laghouat Sidi Makhlouf 12 292
0%
Tlemcen Sidi Medjahed 7 164
0%
Mila Sidi Mérouane 23 088
0%
Skikda Sidi Mezghiche 25 593
0%
Relizane Sidi M'Hamed Ben Ali 20 096
0%
Relizane Sidi M'Hamed Benaouda 6 500
0%
Médéa Sidi Naamane 17 803
0%
Tizi Ouzou Sidi Naamane 10 688
0%
Biskra Sidi Okba 33 509
0%
Aïn Témouchent Sidi Ouriache 5 871
0%
Tipaza Sidi Rached 11 062
0%
Relizane Sidi Saada 17 558
0%
Aïn Témouchent Sidi Safi 7 512
0%
Tipaza Sidi Semiane 2 930
0%
El Bayadh Sidi Slimane 1 806
0%
Tissemsilt Sidi Slimane 8 461
0%
Touggourt Sidi Slimane 8 072
0%
El Bayadh Sidi Taïfour 5 565
0%
Sidi Bel Abbès Sidi Yacoub 4 485
0%
Médéa Sidi Zahar 4 318
0%
Médéa Sidi Ziane 2 671
0%
Oum El Bouaghi Sigus 17 598
0%
Médéa Si Mahdjoub 8 397
0%
Boumerdès Si Mustapha 12 087
0%
M'Sila Slim 5 348
0%
Chlef Sobha 34 455
0%
Mostaganem Souaflia 17 223
0%
Médéa Souagui 15 536
0%
Tlemcen Souahlia 22 245
0%
M'Sila Souamaa 7 189
0%
Tizi Ouzou Souamaâ 9 954
0%
Tlemcen Souani 9 513
0%
El Tarf Souarekh 8 173
0%
Tiaret Sougueur 78 956
0%
Blida Souhane 260
0%
Boumerdès Souk El Had 6 693
0%
Relizane Souk El Had 3 023
0%
Bouira Souk El Khemis 8 003
0%
Béjaïa Souk El Ténine 14 045
0%
Tizi Ouzou Souk El Tenine 14 660
0%
Oum El Bouaghi Souk Naamane 23 988
0%
Béjaïa Souk Oufella 8 931
0%
Tlemcen Souk Tlata 2 756
0%
Blida Soumaa 37 461
0%
Bouira Sour El Ghozlane 50 120
0%
Tébessa Stah Guentis 3 689
0%
El M'Ghair Still 4 978
0%
El Bayadh Stitten 6 022
0%
Béni Abbès Tabelbala 5 121
0%
Sidi Bel Abbès Tabia 5 761
0%
Médéa Tablat 27 919
0%
Aïn Defla Tacheta Zoughagha 23 397
0%
Sétif Tachouda 7 578
0%
Laghouat Tadjemout 24 320
0%
Chlef Tadjena 24 413
0%
Mila Tadjenanet 53 536
0%
Laghouat Tadjrouna 4 306
0%
Tizi Ouzou Tadmaït 22 838
0%
Djelfa Tadmit 10 359
0%
Sidi Bel Abbès Tafissour 2 515
0%
Oran Tafraoui 11 263
0%
Médéa Tafraout 8 901
0%
Bordj Bou Arreridj Tafreg 2 164
0%
Tiaret Tagdemt 4 543
0%
Bouira Taghzout 13 203
0%
El Oued Taghzout 13 934
0%
Bordj Bou Arreridj Taglait 5 008
0%
Bouira Taguedit 10 562
0%
Jijel Taher 77 367
0%
Touggourt Taïbet 20 174
0%
Tiaret Takhemaret 34 124
0%
Béjaïa Tala Hamza 11 675
0%
Sétif Tala Ifacene 20 337
0%
Chlef Talassa 11 503
0%
El Oued Taleb Larbi 7 074
0%
Batna Talkhamt 19 973
0%
Timimoun Talmine 12 768
0%
Touggourt Tamacine 20 067
0%
Tissemsilt Tamalaht 7 645
0%
Skikda Tamalous 51 262
0%
Adrar Tamentit 9 481
0%
Médéa Tamesguida 4 591
0%
Adrar Tamest 8 266
0%
Guelma Tamlouka 18 894
0%
Béjaïa Tamokra 4 015
0%
Béjaïa Tamridjet 8 413
0%
M'Sila Tamsa 7 431
0%
Béni Abbès Tamtert 1 249
0%
Khenchela Tamza 8 617
0%
Aïn Témouchent Tamzoura 9 599
0%
Sidi Bel Abbès Taoudmout 2 343
0%
Chlef Taougrite 27 574
0%
Laghouat Taouiala 3 172
0%
Souk Ahras Taoura 18 933
0%
Boumerdès Taourga 7 882
0%
Béjaïa Taourirt Ighil 6 653
0%
Khenchela Taouzient 10 748
0%
Aïn Defla Tarik Ibn Ziad 10 285
0%
M'Sila Tarmount 9 954
0%
Béjaïa Taskriout 16 141
0%
Mila Tassadane Haddada 17 378
0%
Mila Tassala Lemtaï 15 676
0%
Bordj Bou Arreridj Tassamert 4 134
0%
Batna Taxlent 8 605
0%
Sétif Taya 10 302
0%
Batna Tazoult 27 493
0%
Touggourt Tebesbest 35 032
0%
Sidi Bel Abbès Teghalimet 7 549
0%
Sidi Bel Abbès Telagh 24 594
0%
Mila Teleghma 48 028
0%
Sétif Tella 7 562
0%
El M'Ghair Tendla 9 193
0%
Batna Teniet El Abed 11 388
0%
Bordj Bou Arreridj Teniet Ennasr 5 775
0%
Sidi Bel Abbès Ténira 10 049
0%
Aïn Témouchent Terga 8 083
0%
Tlemcen Terny Beni Hediel 5 737
0%
Souk Ahras Terraguelt 4 376
0%
Mila Terrai Bainen 23 299
0%
Sidi Bel Abbès Tessala 7 499
0%
Alger Tessala El Merdja 15 847
0%
Jijel Texenna 15 682
0%
Boumerdès Thenia 21 439
0%
Tissemsilt Theniet El Had 30 777
0%
Béjaïa Thinabdher 5 815
0%
Béjaïa Tibane 5 059
0%
Mila Tiberguent 9 282
0%
Aïn Defla Tiberkanine 16 384
0%
Béjaïa Tichy 16 546
0%
Tiaret Tidda 3 669
0%
Boumerdès Tidjelabine 18 266
0%
Tlemcen Tienet 4 493
0%
Souk Ahras Tiffech 6 037
0%
Béjaïa Tifra 8 400
0%
Batna Tighanimine 4 142
0%
Mascara Tighennif 62 210
0%
Batna Tigherghar 6 800
0%
Batna Tilatou 3 004
0%
Batna Timgad 11 828
0%
Bordj Badji Mokhtar Timiaouine 4 493
0%
Tizi Ouzou Timizart 28 996
0%
Béni Abbès Timmoudi 2 389
0%
Adrar Timokten 18 598
0%
Timimoun Tinerkouk 15 980
0%
In Guezzam Tinzaouten 4 157
0%
Naâma Tiout 5 413
0%
Saïda Tircine 7 377
0%
Tizi Ouzou Tirmitine 19 027
0%
Bordj Bou Arreridj Tixter 10 190
0%
Tizi Ouzou Tizi Ghenif 29 399
0%
Médéa Tizi Mahdi 2 655
0%
Sétif Tizi N'Bechar 21 086
0%
Béjaïa Tizi N'Berber 12 624
0%
Tizi Ouzou Tizi N'Tleta 15 479
0%
Batna T'Kout 11 161
0%
Médéa Tlatet Eddouair 7 632
0%
Tébessa Tlidjene 10 286
0%
Biskra Tolga 55 809
0%
Mostaganem Touahria 7 593
0%
El Bayadh Tousmouline 3 155
0%
Tiaret Tousnina 12 421
0%
Annaba Treat 6 076
0%
El Oued Trifaoui 8 257
0%
Adrar Tsabit 14 895
0%
Khenchela Yabous 10 402
0%
Mila Yahia Beni Guecha 11 810
0%
Tizi Ouzou Yatafene 4 016
0%
Relizane Yellel 38 101
0%
Saïda Youb 17 355
0%
Tissemsilt Youssoufia 2 254
0%
Djelfa Zaafrane 12 972
0%
Souk Ahras Zaarouria 11 234
0%
Djelfa Zaccar 1 809
0%
Mascara Zahana 21 850
0%
Batna Zana El Beida 10 564
0%
Touggourt Zaouia El Abidia 19 993
0%
Adrar Zaouiet Kounta 17 116
0%
Bouira Zbarbar 3 768
0%
Chlef Zeboudja 26 539
0%
Aïn Defla Zeddine 12 870
0%
Mila Zeghaïa 17 638
0%
Tizi Ouzou Zekri 3 283
0%
Ghardaïa Zelfana 10 161
0%
Mascara Zelmata 7 379
0%
Relizane Zemmora 30 027
0%
Tlemcen Zenata 3 890
0%
Skikda Zerdaza 12 555
0%
Biskra Zeribet El Oued 21 541
0%
El Tarf Zerizer 11 064
0%
Sidi Bel Abbès Zerouala 4 790
0%
M'Sila Zerzour 5 077
0%
Jijel Ziama Mansouriah 12 642
0%
Constantine Zighoud Youcef 35 248
0%
El Tarf Zitouna 9 736
0%
Skikda Zitouna 8 351
0%
Tiaret Zmalet El Emir Abdelkader 18 722
0%
Oum El Bouaghi Zorg 2 281
0%
Souk Ahras Zouabi 2 792
0%
Médéa Zoubiria 9 236
0%
Aucun quiz correspondant
Distribution des résultats
% des personnes avec chaque résultat
Percentile par nombre de réponses
Votre historique - résultats
Vous n’avez pas pris ce quiz